Historia II / (Registro nro. 1037)
[ vista simple ]
| 000 -LEADER | |
|---|---|
| fixed length control field | 01865nam a2200445 a 4500 |
| 001 - CONTROL NUMBER | |
| control field | 001544046 |
| 003 - CONTROL NUMBER IDENTIFIER | |
| control field | AR-RoUNCS |
| 005 - DATE AND TIME OF LATEST TRANSACTION | |
| control field | 20260602171503.0 |
| 007 - PHYSICAL DESCRIPTION FIXED FIELD--GENERAL INFORMATION | |
| fixed length control field | ta |
| 008 - FIXED-LENGTH DATA ELEMENTS--GENERAL INFORMATION | |
| fixed length control field | 180404s2018 ag abo |r 00| 0 spa d |
| 020 ## - INTERNATIONAL STANDARD BOOK NUMBER | |
| International Standard Book Number | 978-987-642-634-3 |
| 040 ## - CATALOGING SOURCE | |
| Original cataloging agency | AR-BaBN |
| Language of cataloging | spa |
| Transcribing agency | AR-RoUNCS |
| 041 ## - LANGUAGE CODE | |
| Language code of text/sound track or separate title | spa |
| 080 1# - UNIVERSAL DECIMAL CLASSIFICATION NUMBER | |
| Universal Decimal Classification number | 94(075.3) |
| Edition identifier | 2016 |
| 245 00 - TITLE STATEMENT | |
| Title | Historia II / |
| Statement of responsibility, etc. | [Camila Perochena ... et al.]. |
| 260 ## - PUBLICATION, DISTRIBUTION, ETC. | |
| Place of publication, distribution, etc. | Ciudad Autónoma de Buenos Aires : |
| Name of publisher, distributor, etc. | Edelvives, |
| Date of publication, distribution, etc. | c2018. |
| 300 ## - PHYSICAL DESCRIPTION | |
| Extent | 271 p. : |
| Other physical details | il., mapas, fot. ; |
| Dimensions | 27 cm. |
| 490 0# - SERIES STATEMENT | |
| Series statement | Convergente |
| 505 ## - FORMATTED CONTENTS NOTE | |
| Title | La era de las revoluciones / |
| Statement of responsibility | Camila Perochena. |
| 505 ## - FORMATTED CONTENTS NOTE | |
| Title | La crisis de las monarquías ibéricas / |
| Statement of responsibility | Eduardo Minutella. |
| 505 ## - FORMATTED CONTENTS NOTE | |
| Title | Hacia la independencia de América Latina / |
| Statement of responsibility | Marcela Ternavasio. |
| 505 ## - FORMATTED CONTENTS NOTE | |
| Title | La revolución en el Río de la Plata / |
| Statement of responsibility | Marcela Ternavasio. |
| 505 ## - FORMATTED CONTENTS NOTE | |
| Title | Europa y América frente al nuevo orden mundial / |
| Statement of responsibility | Eugenia Younis Moreno. |
| 505 ## - FORMATTED CONTENTS NOTE | |
| Title | De las autonomías provinciales a la república / |
| Statement of responsibility | Marcela Ternavasio. |
| 505 ## - FORMATTED CONTENTS NOTE | |
| Title | La expansión del capitalismo / |
| Statement of responsibility | Carolina Biernat. |
| 505 ## - FORMATTED CONTENTS NOTE | |
| Title | El imperialismo y la dominación colonial / |
| Statement of responsibility | Carolina Biernat. |
| 505 ## - FORMATTED CONTENTS NOTE | |
| Title | La organización de los estados latinoamericanos / |
| Statement of responsibility | Lorena Lardizábal. |
| 505 ## - FORMATTED CONTENTS NOTE | |
| Title | América Latina y la economía mundial / |
| Statement of responsibility | Eugenia Younis Moreno. |
| 505 ## - FORMATTED CONTENTS NOTE | |
| Title | La crisis de los regímenes oligárquicos / |
| Statement of responsibility | Lorena Lardizábal. |
| 521 2# - TARGET AUDIENCE NOTE | |
| Target audience note | Destinado a estudiantes de nivel secundario. |
| 650 #7 - SUBJECT ADDED ENTRY--TOPICAL TERM | |
| Topical term or geographic name entry element | Historia |
| Source of heading or term | embne |
| 655 #7 - INDEX TERM--GENRE/FORM | |
| Genre/form data or focus term | Libros de texto |
| Source of term | embne |
| 700 1# - ADDED ENTRY--PERSONAL NAME | |
| Personal name | Perochena, Camila |
| Relator term | autora |
| 700 1# - ADDED ENTRY--PERSONAL NAME | |
| Personal name | Minutella, Eduardo, |
| Dates associated with a name | 1973- |
| Relator term | autor |
| 700 1# - ADDED ENTRY--PERSONAL NAME | |
| Personal name | Ternavasio, Marcela, |
| Dates associated with a name | 1960- |
| Relator term | autora |
| 700 1# - ADDED ENTRY--PERSONAL NAME | |
| Personal name | Younis Moreno, María Eugenia |
| Relator term | autora |
| 700 1# - ADDED ENTRY--PERSONAL NAME | |
| Personal name | Biernat, Carolina A. |
| Relator term | autora |
| 700 1# - ADDED ENTRY--PERSONAL NAME | |
| Personal name | Lardizábal, Lorena |
| Relator term | autora |
| 942 ## - ADDED ENTRY ELEMENTS (KOHA) | |
| Source of classification or shelving scheme | Universal Decimal Classification |
| Koha item type | Obra General |
| Suppress in OPAC | No |
| Withdrawn status | Lost status | Source of classification or shelving scheme | Damaged status | Not for loan | Collection | Home library | Current library | Date acquired | Total checkouts | Full call number | Barcode | Date last seen | Price effective from | Koha item type |
|---|---|---|---|---|---|---|---|---|---|---|---|---|---|---|
| Universal Decimal Classification | Colección General | Biblioteca Escuela de Ciencias Sociales | Biblioteca Escuela de Ciencias Sociales | 02/06/2026 | 94(07) H673 | 001524 | 02/06/2026 | 02/06/2026 | Obra General |